Movies Quiz

Random Movies or Director Quiz
Score 0/15 Timer 10:00
0 Plays Today
% Correct
Martin Scorsese
77.6%
Steven Spielberg
63.3%
The Coen Brothers
59.2%
Woody Allen
44.9%
Charlie Chaplin
40.8%
Judd Apatow
40.8%
John Carpenter
36.7%
Christopher Nolan
36.7%
% Correct
David Lynch
34.7%
Mel Brooks
32.7%
Paul Thomas Anderson
30.6%
Michael Bay
28.6%
Robert Altman
22.4%
Stanley Kubrick
16.3%
John Waters
8.2%
Remove Ads.
Support Sporcle.
Get the best of Sporcle when you Go Orange. This ad-free experience offers more features, more stats, and more fun while also helping to support Sporcle. Thank you for becoming a member.

You're not logged in!

Compare scores with friends on all Sporcle quizzes.
OR
Log In

Sporcle TV

Today on Sporcle TV


Watch our educational content, quiz creation guides, and fun videos on Sporcle TV.

Show Comments

Extras

Top Quizzes Today


Score Distribution

Paid Content

Your Account Isn't Verified!

In order to create a playlist on Sporcle, you need to verify the email address you used during registration. Go to your Sporcle Settings to finish the process.

Report this User

Report this user for behavior that violates our Community Guidelines.

Details: